The South Asia papers : (Record no. 592686)

000 -LEADER
fixed length control field 02714cam a2200433 i 4500
001 - CONTROL NUMBER
control field 18991484
003 - CONTROL NUMBER IDENTIFIER
control field NUST
005 - DATE AND TIME OF LATEST TRANSACTION
control field 20221214144509.0
008 - FIXED-LENGTH DATA ELEMENTS--GENERAL INFORMATION
fixed length control field 160226s2016 dcu b 001 0 eng
010 ## - LIBRARY OF CONGRESS CONTROL NUMBER
LC control number 2015046468
020 ## - INTERNATIONAL STANDARD BOOK NUMBER
International Standard Book Number 978-93-5264-019-5
020 ## - INTERNATIONAL STANDARD BOOK NUMBER
International Standard Book Number 9780815728337 (alk. paper : hardback)
040 ## - CATALOGING SOURCE
Original cataloging agency DLC
Language of cataloging eng
Transcribing agency DLC
Description conventions rda
Modifying agency DLC
042 ## - AUTHENTICATION CODE
Authentication code pcc
043 ## - GEOGRAPHIC AREA CODE
Geographic area code as-----
-- n-us---
050 00 - LIBRARY OF CONGRESS CALL NUMBER
Classification number DS341
Item number .C59 2016
082 00 - DEWEY DECIMAL CLASSIFICATION NUMBER
Classification number 307.72,COH
Edition number 23
084 ## - OTHER CLASSIFICATION NUMBER
Classification number POL012000
-- POL001000
Number source bisacsh
100 1# - MAIN ENTRY--PERSONAL NAME
Personal name Cohen, Stephen P.,
Dates associated with a name 1936-
Relator term author.
9 (RLIN) 104851
245 14 - TITLE STATEMENT
Title The South Asia papers :
Remainder of title a critical anthology of writings /
Statement of responsibility, etc. by Stephen Philip Cohen.
264 #1 - PRODUCTION, PUBLICATION, DISTRIBUTION, MANUFACTURE, AND COPYRIGHT NOTICE
Place of production, publication, distribution, manufacture Washington, D.C. :
Name of producer, publisher, distributor, manufacturer Brookings Institution Press,
Date of production, publication, distribution, manufacture, or copyright notice [2016]
300 ## - PHYSICAL DESCRIPTION
Extent xii, 384 pages ;
Dimensions 24 cm
336 ## - CONTENT TYPE
Content type term text
Content type code txt
Source rdacontent
337 ## - MEDIA TYPE
Media type term unmediated
Media type code n
Source rdamedia
338 ## - CARRIER TYPE
Carrier type term volume
Carrier type code nc
Source rdacarrier
505 0# - FORMATTED CONTENTS NOTE
Formatted contents note Approaching India's Military and Security Policy, with a Detour through Disaster Studies (Page-1), Rulers and Priests : A Study of Cultural Control (Page-25), Issue, Role, and Personality : The Kitchener-Curzon Dispute (Page-46), Subhas Chandra Bose and the Indian National Army (Page-65), The Untouchable Soldier : Caste, Politics, and the Indian Army (Page-85), The Military -- Toward a Great State in Asia? (Page-129), The State Is Dead : Long Live the Armed Ethnic Group (Page-151), Solving Proliferation Problems in a Regional Context : South Asia (Page-160), State Building in Pakistan (Page-188), The Jihadist Threat to Pakistan (Page-220), India and Pakistan (Page-240), Kashmir : The Roads Ahead (Page-254), The Reagan Administration and India : Right for the Right Reasons? (Page-270), The Critical Dimensions of a Possible U.S. Strategic Partnership with India (Page-282),How a Botched U.S. Alliance Fed Pakistan's Crisis (Page-292).
650 #7 - SUBJECT ADDED ENTRY--TOPICAL TERM
Topical term or geographic name entry element POLITICAL SCIENCE / Political Freedom & Security / International Security.
Source of heading or term bisacsh
9 (RLIN) 2016
650 #7 - SUBJECT ADDED ENTRY--TOPICAL TERM
Topical term or geographic name entry element POLITICAL SCIENCE / International Relations / Arms Control.
Source of heading or term bisacsh
9 (RLIN) 104852
651 #0 - SUBJECT ADDED ENTRY--GEOGRAPHIC NAME
Geographic name South Asia
General subdivision Politics and government.
9 (RLIN) 1314
651 #0 - SUBJECT ADDED ENTRY--GEOGRAPHIC NAME
Geographic name South Asia
General subdivision Foreign relations.
9 (RLIN) 104853
651 #0 - SUBJECT ADDED ENTRY--GEOGRAPHIC NAME
Geographic name South Asia
General subdivision Strategic aspects.
9 (RLIN) 104854
651 #0 - SUBJECT ADDED ENTRY--GEOGRAPHIC NAME
Geographic name South Asia
General subdivision Military policy.
9 (RLIN) 16610
651 #0 - SUBJECT ADDED ENTRY--GEOGRAPHIC NAME
Geographic name India
General subdivision Foreign relations
Geographic subdivision Pakistan.
651 #0 - SUBJECT ADDED ENTRY--GEOGRAPHIC NAME
Geographic name Pakistan
General subdivision Foreign relations
Geographic subdivision India.
651 #0 - SUBJECT ADDED ENTRY--GEOGRAPHIC NAME
Geographic name South Asia
General subdivision Foreign relations
Geographic subdivision United States.
9 (RLIN) 104855
651 #0 - SUBJECT ADDED ENTRY--GEOGRAPHIC NAME
Geographic name United States
General subdivision Foreign relations
Geographic subdivision South Asia.
9 (RLIN) 104856
776 08 - ADDITIONAL PHYSICAL FORM ENTRY
Relationship information Online version:
Main entry heading Cohen, Stephen P., 1936-
Title South Asia papers
Place, publisher, and date of publication Washington, D.C. : Brookings Institution Press, 2016
International Standard Book Number 9780815728344
Record control number (DLC) 2016010164
942 ## - ADDED ENTRY ELEMENTS (KOHA)
Source of classification or shelving scheme
Koha item type Book
Call number prefix 307.72,COH
Holdings
Withdrawn status Lost status Source of classification or shelving scheme Damaged status Not for loan Permanent Location Current Location Shelving location Date acquired Total Checkouts Full call number Barcode Date last seen Price effective from Koha item type Public note
          Military College of Signals (MCS) Military College of Signals (MCS) General Stacks 12/14/2022   307.72,COH MCS37976 12/14/2022 12/14/2022 Book Almirah No.49, Shelf No.3
© 2023 Central Library, National University of Sciences and Technology. All Rights Reserved.